| 000 | 00744nam a2200229 a 4500 | ||
|---|---|---|---|
| 001 | 38921 | ||
| 003 | BD-RjUL | ||
| 005 | 20211209052901.0 | ||
| 008 | 160323b2009 bg ||||e |||| 000 f ben d | ||
| 020 |
_a984868900002: _cTK.100.00 |
||
| 035 | _a(BD-RjUL)39031 | ||
| 040 |
_aBD-RjUL _bben _cBD-RjUL |
||
| 041 | _aben | ||
| 082 |
_223 _a891.443 _bALU |
||
| 100 |
_aআলী, মোঃ নওসাদ. _9120166 |
||
| 245 | 1 | 0 |
_aউদঘাটন / _c মোঃ নওসাদ আলী |
| 260 |
_aঢাকাঃ _bমুক্তদেশ প্রকাশন, |
||
| 300 |
_a[৪], ৭৯ পৃ. ; _c২২ সেমি. |
||
| 650 |
_aবাংলা উপন্যাস _9120167 |
||
| 650 |
_aBangali Fiction _9120168 |
||
| 942 |
_2ddc _cBK |
||
| 999 |
_c38921 _d38921 |
||